Learning Resource and Development

Dynamic systems and control engineering / (Record no. 30138)

MARC details
000 -LEADER
fixed length control field 01737nam a2200289 i 4500
003 - CONTROL NUMBER IDENTIFIER
control field CSPC
005 - DATE AND TIME OF LATEST TRANSACTION
control field 20250820160803.0
008 - FIXED-LENGTH DATA ELEMENTS--GENERAL INFORMATION
fixed length control field 250820s2023 -uka b 001 0 eng d
020 ## - INTERNATIONAL STANDARD BOOK NUMBER
International Standard Book Number 9781108831055
040 ## - CATALOGING SOURCE
Transcribing agency CSPC
Original cataloging agency CSPC
Language of cataloging eng
Description conventions rda
050 04 - LIBRARY OF CONGRESS CALL NUMBER
Classification number TA352
Item number .J35 2023
082 04 - DEWEY DECIMAL CLASSIFICATION NUMBER
Classification number 620.104
Item number J216d
Edition number 23
100 1# - MAIN ENTRY--PERSONAL NAME
Personal name Jalili, Nader,
Relator term author.
245 10 - TITLE STATEMENT
Title Dynamic systems and control engineering /
Statement of responsibility, etc. Nader Jalili and Nicholas W. Candelino.
264 #1 - PRODUCTION, PUBLICATION, DISTRIBUTION, MANUFACTURE, AND COPYRIGHT NOTICE
Place of production, publication, distribution, manufacture Cambridge, United Kingdom :
Name of producer, publisher, distributor, manufacturer Cambridge University Press,
Date of production, publication, distribution, manufacture, or copyright notice 2023.
300 ## - PHYSICAL DESCRIPTION
Extent xxv, 920 pages :
Other physical details illustrations ;
Dimensions 26 cm.
336 ## - CONTENT TYPE
Source rdacontent
Content type term text
337 ## - MEDIA TYPE
Source rdamedia
Media type term unmediated
338 ## - CARRIER TYPE
Source rdacarrier
Carrier type term volume
504 ## - BIBLIOGRAPHY, ETC. NOTE
Bibliography, etc. note Includes bibliographical references and index.
505 0# - FORMATTED CONTENTS NOTE
Formatted contents note Part I. Modeling of multi-domain dynamic systems -- Introduction to dynamic systems -- Modeling of mechanical systems -- Modeling of electrical systems -- Modeling of multi-domain systems -- Part II. Analysis of multi-domain dynamic systems -- Dynamic system response -- System response characteristics -- System transfer function analysis -- Part III. Introduction to feedback systems -- Analysis of feedback control system -- Root locus techniques -- Frequency-domain methods -- Implementation of feedback control systems -- Part IV. Analysis and feedback control of modern systems -- State-space representation and analysis -- State-space control system design -- Advanced topics in control engineering.
650 #0 - SUBJECT ADDED ENTRY--TOPICAL TERM
Topical term or geographic name entry element Dynamics.
650 #0 - SUBJECT ADDED ENTRY--TOPICAL TERM
Topical term or geographic name entry element Control theory.
700 1# - ADDED ENTRY--PERSONAL NAME
Personal name Candelino, Nicholas W.,
Relator term author.
942 ## - ADDED ENTRY ELEMENTS (KOHA)
Source of classification or shelving scheme Dewey Decimal Classification
Suppress in OPAC No
Koha item type Books
Edition 23
Classification part 620.104
Item part J216d
Call number prefix ENG
Call number suffix 2023
Holdings
Withdrawn status Lost status Source of classification or shelving scheme Damaged status Not for loan Home library Current library Shelving location Date acquired Total Checkouts Full call number Barcode Date last seen Copy number Price effective from Koha item type
    Dewey Decimal Classification     Main Library Main Library Engineering Section 08/20/2025   ENG 620.104 J216d 2023 029953 08/20/2025 1-1 08/20/2025 Books